000
00285nam a2200121Ia 4500
008
190216s9999||||xx |||||||||||||| ||und||
100
_a
Clifford Geertz
245
0
_a
Old Socities And New States
260
_b
Amerind Oub Co
_c
1963
300
_a
310p
650
_a
Economics
942
_c
BK
999
_c
9281
_d
9281